=LDR 00000nam 2200000 4500 =001 INLIS000000000012526 =005 20130612104035 =008 ***********************************Ind** =035 ##$$0010-061300000012526 =041 ##$$a Ind =082 ##$$a 418.02 =090 ##$$a 48.02, Ihw i =245 ##$$a Ihwal Menerjemahkan, Penyunting Adjat Sakri =260 ##$$a 1985 $b Bandung =300 ##$$a xi, 93 hlm., 21 cm =650 ##$$a Bahasa Indonesia Terjemahan =700 ##$$a Sakri, Ajat =850 ##$$a NBPNMAT